[Event "Olympiad Women-44"]
[Site "Chennai"]
[Date "2022.08.03"]
[Round "6.4"]
[White "Fawaz, Nadia"]
[Black "Ni Mhuireagain, Eibhia"]
[Result "1/2-1/2"]
[WhiteElo "1214"]
[BlackElo "1638"]
[PlyCount "86"]
[EventDate "2022.07.29"]
[EventType "team-swiss"]
[EventRounds "11"]
[EventCountry "IND"]
[SourceTitle "CBM 210"]
[Source "ChessBase"]
[SourceDate "2022.10.31"]
[SourceVersion "1"]
[SourceVersionDate "2022.10.31"]
[SourceQuality "1"]
[WhiteTeam "Lebanon (W)"]
[BlackTeam "Ireland (W)"]
[WhiteTeamCountry "LBN"]
[BlackTeamCountry "IRL"]

1. d4 d5 2. Nf3 Nf6 3. Bf4 c5 4. c3 Nc6 5. e3 Qb6 6. Qb3 c4 7. Qxb6 axb6 8. Nbd2 b5 9. Be2 Bf5 10. 0-0 e6 11. Ne5 Nxe5 12. dxe5 Nd7 13. Nf3 Bg4 14. Nd4 Bxe2 15. Nxe2 b4 16. b3 Rc8 17. cxb4 cxb3 18. axb3 Bxb4 19. Ra7 Rb8 20. Rc1 Bc5 21. Ra2 0-0 22. Rac2 Bb6 23. Nc3 Nc5 24. Na4 Nxa4 25. bxa4 Ra8 26. Rb2 Ra6 27. Rcb1 Bc5 28. Rxb7 Rxa4 29. h3 Ra7 30. Rxa7 Bxa7 31. Bg5 Rb8 32. Rxb8+ Bxb8 33. f4 Ba7 34. Kf2 h6 35. Be7 Kh7 36. Kf3 h5 37. Bb4 Bb6 38. Bc3 Kh6 39. g4 hxg4+ 40. hxg4 g6 41. Bd4 Bd8 42. e4 dxe4+ 43. Kxe4 Be7 1/2-1/2

[Event "IRL-ch U19"]
[Site "Dublin"]
[Date "2019.04.12"]
[Round "1"]
[White "Melaugh, Gavin"]
[Black "Ni Mhuireagain, Eibhia"]
[Result "1-0"]
[WhiteElo "2058"]
[BlackElo "1534"]
[PlyCount "55"]
[EventDate "2019.04.12"]
[EventType "swiss"]
[EventRounds "6"]
[EventCountry "IRL"]
[SourceTitle "EXT 2021"]
[Source "ChessBase"]
[SourceDate "2020.10.23"]
[SourceVersion "1"]
[SourceVersionDate "2020.10.23"]
[SourceQuality "1"]

1. d4 d5 2. Bf4 Nf6 3. Nc3 c6 4. f3 e6 5. e4 dxe4 6. fxe4 Bb4 7. Bg5 Qa5 8. Bd2 Nbd7 9. e5 Nd5 10. a3 Bxc3 11. bxc3 Qd8 12. Qg4 Nf8 13. Qxg7 Ng6 14. Bd3 Nde7 15. Bg5 Qa5 16. Ne2 Rg8 17. Qxh7 Rh8 18. Qg7 Rg8 19. Qf6 Nd5 20. Qf3 Nxe5 21. dxe5 Rxg5 22. 0-0 Qc5+ 23. Kh1 Qe7 24. c4 Nb6 25. Qh3 Nd7 26. Ng3 Nxe5 27. Ne4 Rf5 28. Qh8+ 1-0

[Event "Paris ChessMates 3rd"]
[Site "Paris"]
[Date "2019.03.30"]
[Round "4.1"]
[White "Kazak, Natalia"]
[Black "Ni Mhuireagain, Eibhia"]
[Result "0-1"]
[WhiteElo "1832"]
[BlackElo "1624"]
[PlyCount "72"]
[EventDate "2019.03.29"]
[EventType "team-tourn"]
[EventRounds "5"]
[EventCountry "FRA"]
[SourceTitle "CBM 189 Extra"]
[Source "ChessBase"]
[SourceDate "2019.06.03"]
[SourceVersion "1"]
[SourceVersionDate "2019.06.03"]
[SourceQuality "1"]
[WhiteTeam "Murmansk Region"]
[BlackTeam "Ireland"]
[WhiteTeamCountry "RUS"]
[BlackTeamCountry "IRL"]

1. d4 Nf6 2. c4 e6 3. Nc3 Bb4 4. e3 0-0 5. Nf3 c5 6. Bd3 d6 7. Qc2 h6 8. 0-0 Bxc3 9. Qxc3 Nc6 10. Rd1 b6 11. dxc5 bxc5 12. b3 a5 13. Bb2 a4 14. Ba3 Qc7 15. Bc2 axb3 16. axb3 Rb8 17. Nd2 Nb4 18. Ne4 Ne8 19. Bxb4 Rxb4 20. Qd3 f5 21. Nxd6 Nf6 22. Nxc8 Qxc8 23. f3 Rb7 24. Qd6 Re8 25. Ra5 Rd7 26. Qxc5 Rxd1+ 27. Bxd1 Qd8 28. Be2 Qd2 29. Kf2 Rf8 30. h3 Ne4+ 31. fxe4 fxe4+ 32. Kg3 Qxe2 33. Qe5 Qxe3+ 34. Kh2 Rf1 35. Qxe6+ Kh7 36. c5 Qf4+ 0-1

[Event "Wch U18 Girls"]
[Site "Porto Carras"]
[Date "2018.10.21"]
[Round "2"]
[White "Ni Mhuireagain, Eibhia"]
[Black "Nistor, Valentina"]
[Result "1/2-1/2"]
[WhiteElo "1655"]
[BlackElo "1881"]
[PlyCount "74"]
[EventDate "2018.10.20"]
[EventType "swiss"]
[EventRounds "11"]
[EventCountry "GRE"]
[SourceTitle "CBM 187 Extra"]
[Source "ChessBase"]
[SourceDate "2018.11.04"]
[SourceVersion "1"]
[SourceVersionDate "2018.11.04"]
[SourceQuality "1"]

1. e4 e5 2. Nf3 Nc6 3. Bc4 Bc5 4. c3 Nf6 5. d3 d6 6. b4 Bb6 7. a4 a5 8. b5 Ne7 9. 0-0 0-0 10. Qb3 h6 11. Nbd2 Ng6 12. d4 Qe7 13. Re1 Bg4 14. Ba3 Nd7 15. h3 Bxf3 16. Nxf3 Nh4 17. Nxh4 Qxh4 18. Rad1 Qf6 19. Bb2 Kh8 20. Bd5 Rab8 21. Qc2 Qg6 22. Qe2 Nf6 23. dxe5 dxe5 24. c4 Bc5 25. Bxe5 Bb4 26. Rf1 Ne8 27. Qf3 Nd6 28. Rc1 Bc5 29. Bc3 b6 30. Rfd1 f5 31. e5 Ne4 32. Bd4 Rbe8 33. e6 Ng5 34. Qg3 Bd6 35. Be5 f4 36. Qc3 Nxh3+ 37. Qxh3 Bxe5 1/2-1/2

[Event "Wch U18 Girls"]
[Site "Porto Carras"]
[Date "2018.10.20"]
[Round "1"]
[White "Hng, Mei En Emmanuelle"]
[Black "Ni Mhuireagain, Eibhia"]
[Result "1-0"]
[WhiteElo "2020"]
[BlackElo "1655"]
[PlyCount "33"]
[EventDate "2018.10.20"]
[EventType "swiss"]
[EventRounds "11"]
[EventCountry "GRE"]
[SourceTitle "CBM 187 Extra"]
[Source "ChessBase"]
[SourceDate "2018.11.04"]
[SourceVersion "1"]
[SourceVersionDate "2018.11.04"]
[SourceQuality "1"]

1. e4 d5 2. exd5 Qxd5 3. Nc3 Qd6 4. d4 Nf6 5. Bc4 a6 6. Nf3 b5 7. Bb3 Bb7 8. 0-0 e6 9. Re1 Be7 10. Ng5 Nd5 11. Nce4 Qd7 12. Qh5 Bxg5 13. Qxg5 f6 14. Qh5+ Qf7 15. Nxf6+ Nxf6 16. Rxe6+ Kf8 17. Rxf6 1-0

[Event "Olympiad Women-43"]
[Site "Batumi"]
[Date "2018.09.24"]
[Round "1.12"]
[White "Terbe, Julianna"]
[Black "Ni Mhuireagain, Eibhia"]
[Result "1-0"]
[WhiteElo "2260"]
[BlackElo "1655"]
[PlyCount "53"]
[EventDate "2018.09.24"]
[EventType "team-swiss"]
[EventRounds "11"]
[EventCountry "GEO"]
[SourceTitle "EXT 2020"]
[Source "ChessBase"]
[SourceDate "2019.10.17"]
[SourceVersion "1"]
[SourceVersionDate "2019.10.17"]
[SourceQuality "1"]
[WhiteTeam "Hungary (W)"]
[BlackTeam "Ireland (W)"]
[WhiteTeamCountry "HUN"]
[BlackTeamCountry "IRL"]

1. Nf3 Nf6 2. g3 g6 3. Bg2 Bg7 4. d4 d6 5. 0-0 0-0 6. a4 a5 7. Nc3 c6 8. e4 e5 9. dxe5 dxe5 10. Qxd8 Rxd8 11. Nxe5 Nxe4 12. Nxc6 Nxc6 13. Nxe4 Nd4 14. Bg5 Rf8 15. c3 Ne6 16. Be7 Re8 17. Nf6+ Bxf6 18. Bxf6 Nc5 19. Rfd1 Be6 20. b4 axb4 21. cxb4 Nd7 22. Bb2 Nb6 23. a5 Nc4 24. Bd4 Red8 25. Bxb7 Rab8 26. a6 Bd5 27. Bf6 1-0

[Event "IRL-ch First Weekend Major"]
[Site "Dublin"]
[Date "2018.08.05"]
[Round "5.10"]
[White "Ni Mhuireagain, Eibhia"]
[Black "Fitzgerald, Niall"]
[Result "1/2-1/2"]
[WhiteElo "1600"]
[BlackElo "1520"]
[PlyCount "28"]
[EventDate "2018.08.03"]
[EventType "swiss"]
[EventRounds "5"]
[EventCountry "IRL"]
[SourceTitle "EXT 2023"]
[Source "ChessBase"]
[SourceDate "2022.10.05"]
[SourceVersion "1"]
[SourceVersionDate "2022.10.05"]
[SourceQuality "1"]

1. e4 e5 2. Nf3 Nc6 3. Bc4 Bc5 4. c3 Nf6 5. d3 0-0 6. 0-0 d5 7. exd5 Nxd5 8. Re1 Re8 9. b4 Bb6 10. Qb3 Be6 11. Ng5 Qf6 12. Ne4 Qd8 13. Ng5 Qf6 14. Ne4 Qd8 1/2-1/2

[Event "Berlin Lichtenberger op 16th"]
[Site "Berlin"]
[Date "2017.08.20"]
[Round "2"]
[White "Huels, Maximilian"]
[Black "Ni Mhuireagain, Eibhia"]
[Result "1-0"]
[WhiteElo "1767"]
[BlackElo "1521"]
[PlyCount "119"]
[EventDate "2017.08.19"]
[EventType "swiss"]
[EventRounds "9"]
[EventCountry "GER"]
[SourceTitle "CBM 180 Extra"]
[Source "ChessBase"]
[SourceDate "2017.10.06"]
[SourceVersion "1"]
[SourceVersionDate "2017.10.06"]
[SourceQuality "1"]

1. e4 d5 2. exd5 Qxd5 3. Nc3 Qd6 4. Bc4 c6 5. d3 Nf6 6. Nf3 Bg4 7. h3 Bh5 8. g4 Bg6 9. Qe2 Nbd7 10. Nh4 0-0-0 11. f4 e6 12. Be3 Qc7 13. 0-0-0 Bb4 14. Rhf1 Nb6 15. Bb3 Nbd5 16. Nxd5 Nxd5 17. Bxd5 cxd5 18. f5 Qg3 19. Bf2 Qf4+ 20. Kb1 exf5 21. gxf5 Bxf5 22. Nxf5 Qxf5 23. Be1 Qxh3 24. Bxb4 Rhe8 25. Qf2 Qg4 26. Qf5+ Qxf5 27. Rxf5 Rd7 28. Rg1 g6 29. Rf6 Re6 30. Rxe6 fxe6 31. Re1 Rf7 32. Rxe6 Rf1+ 33. Be1 h5 34. Kc1 Kd7 35. Re2 h4 36. Kd2 g5 37. Re5 h3 38. Bg3 Rg1 39. Bh2 Rh1 40. Re2 g4 41. Ke3 Rf1 42. Rf2 d4+ 43. Ke2 Rb1 44. b3 Rb2 45. Kd2 Rxa2 46. Rf4 Ra5 47. Rxd4+ Kc6 48. Rd6+ Kb5 49. Rd5+ Kb6 50. Rxa5 Kxa5 51. d4 Kb5 52. d5 Kc5 53. d6 Kc6 54. Kc3 Kd7 55. Kc4 Kc6 56. b4 b6 57. Kd4 a5 58. bxa5 bxa5 59. Kc4 Kd7 60. Kb5 1-0

[Event "EU-ch (Women) 18th"]
[Site "Riga"]
[Date "2017.04.19"]
[Round "8"]
[White "Ni Mhuireagain, Eibhia"]
[Black "Exler, Veronika"]
[Result "0-1"]
[WhiteElo "1496"]
[BlackElo "2208"]
[PlyCount "114"]
[EventDate "2017.04.11"]
[EventType "swiss"]
[EventRounds "11"]
[EventCountry "LAT"]
[SourceTitle "CBM 177 Extra"]
[Source "ChessBase"]
[SourceDate "2017.04.27"]
[SourceVersion "1"]
[SourceVersionDate "2017.04.27"]
[SourceQuality "1"]

1. e4 c6 2. Nf3 d5 3. Nc3 dxe4 4. Nxe4 Nf6 5. Ng3 h5 6. h4 Bg4 7. Be2 Nbd7 8. d4 e6 9. Ng5 Bd6 10. N3e4 Be7 11. Bxg4 Nxg4 12. Qf3 Ndf6 13. Nxf6+ Bxf6 14. c3 Qd5 15. Qxd5 cxd5 16. Bf4 Rc8 17. f3 Nh6 18. Kd2 Nf5 19. g3 b5 20. a3 a5 21. Kd3 Ke7 22. Nh3 Rc6 23. Nf2 Rhc8 24. Nd1 Kd7 25. Ne3 Ne7 26. Rhe1 Ra8 27. Nc2 Nc8 28. Be5 Nb6 29. Bf4 Rac8 30. Ne3 Na4 31. Rab1 Be7 32. Nd1 Bd8 33. Re2 Bb6 34. Rg2 b4 35. axb4 axb4 36. Bd2 Bd8 37. Re2 Be7 38. Rg2 Rb8 39. Rc1 Rb7 40. Re2 Bd6 41. Be1 f6 42. f4 Rc8 43. Rcc2 bxc3 44. bxc3 Rb1 45. Ne3 Rcb8 46. Ra2 Nb2+ 47. Kc2 Nc4 48. Ra7+ Bc7 49. Kd3 Nd6 50. Ra6 g6 51. Nc2 Ne4 52. Nb4 Bd6 53. Ra7+ Kc8 54. Nc6 Rd1+ 55. Kc2 Rbb1 56. Bf2 Rdc1+ 57. Kd3 Rxc3# 0-1

[Event "EU-ch (Women) 18th"]
[Site "Riga"]
[Date "2017.04.12"]
[Round "2"]
[White "Caglar, Sila"]
[Black "Ni Mhuireagain, Eibhia"]
[Result "1-0"]
[WhiteElo "2093"]
[BlackElo "1496"]
[PlyCount "107"]
[EventDate "2017.04.11"]
[EventType "swiss"]
[EventRounds "11"]
[EventCountry "LAT"]
[SourceTitle "CBM 177 Extra"]
[Source "ChessBase"]
[SourceDate "2017.04.27"]
[SourceVersion "1"]
[SourceVersionDate "2017.04.27"]
[SourceQuality "1"]

1. e4 d5 2. exd5 Qxd5 3. Nc3 Qd6 4. d4 c6 5. Nf3 Bg4 6. Be3 Nd7 7. h3 Bh5 8. Be2 e6 9. Qd2 Qc7 10. 0-0-0 Ngf6 11. g4 Bg6 12. Nh4 Bd6 13. Nxg6 hxg6 14. Kb1 Nb6 15. g5 Nfd5 16. Ne4 Be7 17. c4 Nxe3 18. fxe3 0-0-0 19. Qa5 Kb8 20. Rdf1 Rdf8 21. Rf3 f5 22. gxf6 gxf6 23. Rhf1 Qh2 24. R1f2 Qh1+ 25. Bf1 Nxc4 26. Qc3 Rxh3 27. Rxh3 Qxe4+ 28. Qd3 Nd6 29. Rh7 Bd8 30. Rg7 g5 31. Rxg5 f5 32. Rg6 Qh4 33. Rfg2 Qe1+ 34. Kc2 Re8 35. Be2 Qa5 36. a3 Ne4 37. Bf3 Nd6 38. Rh2 Bc7 39. Rhh6 e5 40. dxe5 Qxe5 41. Rxd6 Bxd6 42. Rxd6 Qc5+ 43. Kd2 Qb6 44. Qd4 Qc7 45. Rd7 Qh2+ 46. Be2 Rc8 47. Qb4 Rc7 48. Qf8+ Rc8 49. Qxf5 Qh8 50. Qf4+ Ka8 51. Qd4 Qe8 52. Ba6 Rb8 53. Bxb7+ Rxb7 54. Rd8+ 1-0

[Event "EU-ch (Women) 18th"]
[Site "Riga"]
[Date "2017.04.11"]
[Round "1"]
[White "Ni Mhuireagain, Eibhia"]
[Black "Fataliyeva, Ulviyya Hasil Qizi"]
[Result "0-1"]
[WhiteElo "1496"]
[BlackElo "2287"]
[PlyCount "62"]
[EventDate "2017.04.11"]
[EventType "swiss"]
[EventRounds "11"]
[EventCountry "LAT"]
[SourceTitle "CBM 177 Extra"]
[Source "ChessBase"]
[SourceDate "2017.04.27"]
[SourceVersion "1"]
[SourceVersionDate "2017.04.27"]
[SourceQuality "1"]

1. e4 e6 2. d4 d5 3. e5 c5 4. c3 Nc6 5. Nf3 Qb6 6. a3 a5 7. g3 cxd4 8. cxd4 Nge7 9. Bg2 Nf5 10. Nc3 Nfxd4 11. Nxd4 Qxd4 12. Qxd4 Nxd4 13. 0-0 Bd7 14. Be3 Nc2 15. Rad1 Nxe3 16. fxe3 Bc5 17. Rfe1 Rc8 18. Kh1 0-0 19. e4 d4 20. Ne2 Ba4 21. Rd2 Rfd8 22. Nc1 Be7 23. Nd3 Bg5 24. Nf4 Rc2 25. Rxc2 Bxc2 26. Bf1 Bxf4 27. gxf4 d3 28. Re3 d2 29. Be2 d1Q+ 30. Bxd1 Rxd1+ 31. Kg2 Rb1 0-1

[Event "IRL-ch (Women)"]
[Site "Dublin"]
[Date "2016.10.15"]
[Round "1.1"]
[White "Gedvilaite, Monika"]
[Black "Ni Mhuireagain, Eibhia"]
[Result "1-0"]
[WhiteElo "2036"]
[BlackElo "1433"]
[PlyCount "43"]
[EventDate "2016.10.15"]
[EventType "swiss"]
[EventRounds "4"]
[EventCountry "IRL"]
[SourceTitle "EXT 2023"]
[Source "ChessBase"]
[SourceDate "2022.10.05"]
[SourceVersion "1"]
[SourceVersionDate "2022.10.05"]
[SourceQuality "1"]

1. d4 d5 2. e3 Nf6 3. Bd3 c6 4. Nd2 e6 5. f4 Bd6 6. Ngf3 Nbd7 7. 0-0 0-0 8. Ne5 c5 9. c3 a6 10. g4 Ne8 11. g5 f5 12. gxf6 Nexf6 13. Rf3 Re8 14. Rh3 b5 15. Ndf3 Bb7 16. Ng5 Nf8 17. Nxh7 Bxe5 18. Nxf8 Rxf8 19. fxe5 c4 20. Bg6 Ne4 21. Rh8+ Kxh8 22. Qh5+ 1-0

[Event "Wch U16 Girls"]
[Site "Khanty-Mansiysk"]
[Date "2016.09.28"]
[Round "6"]
[White "Ni Mhuireagain, Eibhia"]
[Black "Simakova, Elena"]
[Result "0-1"]
[WhiteElo "1433"]
[BlackElo "1860"]
[PlyCount "106"]
[EventDate "2016.09.22"]
[EventType "swiss"]
[EventRounds "11"]
[EventCountry "RUS"]
[SourceTitle "EXT 2017"]
[Source "ChessBase"]
[SourceDate "2016.10.25"]
[SourceVersion "1"]
[SourceVersionDate "2016.10.25"]
[SourceQuality "1"]

1. e4 c5 2. c4 Nc6 3. Nc3 g6 4. d3 Bg7 5. Nge2 d6 6. g3 Nf6 7. Bg2 Rb8 8. 0-0 0-0 9. h3 a6 10. a4 Bd7 11. f4 Ne8 12. f5 Nc7 13. a5 b5 14. axb6 Rxb6 15. g4 Nd4 16. Nxd4 Bxd4+ 17. Kh1 Qb8 18. Qf3 Bg7 19. g5 f6 20. Qg3 fxg5 21. Qxg5 Bf6 22. Qg3 Qe8 23. Bh6 Bg7 24. Bxg7 Kxg7 25. fxg6 Qxg6 26. Qh4 e5 27. Rxf8 Kxf8 28. Qd8+ Be8 29. Qxc7 Rxb2 30. Rf1+ Kg8 31. Rg1 Kh8 32. Qe7 Rf2 33. Bf3 Qf7 34. Qxf7 Bxf7 35. Bg4 Rd2 36. Rd1 Re2 37. Nd5 Ra2 38. Rf1 Kg7 39. Rb1 a5 40. Ne7 a4 41. Nf5+ Kg6 42. Nxd6 a3 43. Nxf7 Kxf7 44. Rb7+ Kg6 45. Ra7 Kg5 46. Kg1 h5 47. Bc8 Kf4 48. Rb7 Rb2 49. Rf7+ Ke3 50. Rf1 a2 51. Re1+ Kxd3 52. Rd1+ Kc2 53. Rf1 Rb1 0-1